| 000 | 00831nam a22002297a 4500 | ||
|---|---|---|---|
| 999 |
_c57562 _d57562 |
||
| 005 | 20200731115042.0 | ||
| 008 | 200731s2013 eng||||| |||| 00| 0 enk d | ||
| 020 | _a9780521697767 | ||
| 041 | _aenk | ||
| 080 | _a811.111.1 E-56 | ||
| 100 |
_a _99085 |
||
| 245 |
_aEnglish Unlimited Elementary : _bA2. Elementary Teacher's Pack / _cAdrian Doff , Mark Lloyd, Rachel Trake, Cathy Brabben. |
||
| 264 |
_aCambridge : _bCambridge University Press, _c2013. |
||
| 300 |
_a128 p. _b30 cm. _cill. +CD |
||
| 653 | _aინგლისური ენა | ||
| 653 | _aგრამატიკა | ||
| 700 |
_aDoff, Adrian _eავტორი _99086 |
||
| 700 |
_aLloyd, Mark _eავტორი _99087 |
||
| 700 |
_aTrake, Rachel _eავტორი _99088 |
||
| 700 |
_aBrabben, Cathy _eავტორი _99089 |
||
| 942 |
_2udc _cBK |
||